000 00608nam a2200181Ia 4500
003 GCL
005 20240530105143.0
008 140319s9999 xx 000 0 ara d
040 _aGCL /
_cGCL
082 0 4 _a358.3
_bك ق
100 1 _aكيز, كين
245 1 0 _aالقرد المائة الوقاية من الحرب النووية /
_cكيز, كين
260 _a[S.N] :
_bالدار الجماهيرية للنشر والتوزيع والاعلان ،
_c1990
300 _a69 ص
650 0 4 _aالحروب النووية
700 1 _aعبدالسلام بشير الدويبى
942 _2ddc
_cBK
999 _c53602
_d53602